000 00561cam a2200157 4500500
005 20251228090902.0
041 _afre
042 _adc
100 1 0 _aLaffranchi, Gabriele
_eauthor
700 1 0 _aFaguer, Nicolas
_eauthor
245 0 0 _aTémoignage : le Péguy d’un jeune philosophe italien
260 _c2019.
500 _a75
786 0 _nBulletin de l’Amitié Charles Péguy | 168 | 4 | 2019-04-27 | p. 323-326 | 0180-8567
856 4 1 _uhttps://shs.cairn.info/revue-bulletin-de-lamitie-charles-peguy-2019-4-page-323?lang=fr&redirect-ssocas=7080
999 _c1602850
_d1602850